000 00390nam a2200133Ia 4500
005 20260328101509.0
008 260328s9999||||xx |||||||||||||| ||und||
100 _aZaparaín Hernández, Fernando
245 0 _aLe Corbusier :
_b Artista, héroe y Hombre-tipo /
_cFernando Zaparaín Hernández
260 _bUniversidad de Valladolid
300 _a240 p.
650 _aARQUITECTOS
942 _cBK
999 _c9126
_d9126